[Event "Pardubice Czech op-B 32nd"]
[Site "Pardubice"]
[Date "2021.07.29"]
[Round "7"]
[White "Vaculik, Martin1111"]
[Black "Pekar, Vaclav"]
[Result "1/2-1/2"]
[WhiteElo "1862"]
[BlackElo "2190"]
[PlyCount "64"]
[EventDate "2021.07.24"]
[EventType "swiss"]
[EventRounds "9"]
[EventCountry "CZE"]
[SourceTitle "EXT 2022"]
[Source "ChessBase"]
[SourceDate "2021.10.06"]
[SourceVersion "1"]
[SourceVersionDate "2021.10.06"]
[SourceQuality "1"]

1. d4 e6 2. e4 d5 3. Nd2 Nc6 4. Ngf3 Nf6 5. e5 Nd7 6. Bd3 f6 7. Ng5 Ndxe5 8. dxe5 fxg5 9. Qh5+ Kd7 10. Nf3 Be7 11. 0-0 Qe8 12. Qg4 h5 13. Qa4 Kd8 14. Nxg5 Nxe5 15. Qf4 Bf6 16. Re1 Nxd3 17. cxd3 Qe7 18. d4 Bxg5 19. Qxg5 Qxg5 20. Bxg5+ Ke8 21. Re3 Bd7 22. Bf4 Rc8 23. Rc1 c6 24. Rg3 Kf7 25. Be5 Rh7 26. Rcc3 h4 27. Rgf3+ Kg8 28. Rf4 b6 29. Bd6 g5 30. Rf6 Rf7 31. Rg6+ Rg7 32. Rf6 Rf7 1/2-1/2

[Event "Pardubice Czech op-B 32nd"]
[Site "Pardubice"]
[Date "2021.07.27"]
[Round "5"]
[White "Pekar, Vaclav"]
[Black "Sorin, Itay"]
[Result "1/2-1/2"]
[WhiteElo "2190"]
[BlackElo "1951"]
[PlyCount "89"]
[EventDate "2021.07.24"]
[EventType "swiss"]
[EventRounds "9"]
[EventCountry "CZE"]
[SourceTitle "EXT 2022"]
[Source "ChessBase"]
[SourceDate "2021.10.06"]
[SourceVersion "1"]
[SourceVersionDate "2021.10.06"]
[SourceQuality "1"]

1. c4 f5 2. g3 Nf6 3. Bg2 d6 4. Nc3 g6 5. d3 Bg7 6. e4 c6 7. Nge2 0-0 8. 0-0 e5 9. exf5 gxf5 10. d4 Be6 11. b3 Na6 12. Ba3 e4 13. f3 Qe7 14. Qd2 Bf7 15. Qf4 c5 16. Rae1 Bg6 17. Nb5 Rad8 18. Nxa7 e3 19. Qg5 Nc7 20. Bc1 Ra8 21. Nb5 Nxb5 22. cxb5 Rxa2 23. dxc5 dxc5 24. Nf4 e2 25. Rf2 Qd7 26. Nxg6 hxg6 27. Qxg6 Re8 28. Bh6 f4 29. Bh3 Qf7 30. Qxf7+ Kxf7 31. Bxg7 Kxg7 32. Bf5 Re3 33. Kg2 Nd5 34. Be4 Nb4 35. b6 Rb2 36. g4 Na2 37. Bxb7 Nc3 38. Ba6 Rxb3 39. b7 c4 40. Bxc4 Rxb7 41. Bxe2 Rbe7 42. Kf1 Kh6 43. h4 R7e5 44. Rg2 Re6 45. Rf2 1/2-1/2

[Event "Pardubice Czech op-B 30th"]
[Site "Pardubice"]
[Date "2019.07.27"]
[Round "9"]
[White "Pekar, Vaclav"]
[Black "Lupolov, Boris"]
[Result "1/2-1/2"]
[WhiteElo "2175"]
[BlackElo "2001"]
[PlyCount "109"]
[EventDate "2019.07.19"]
[EventType "swiss"]
[EventRounds "9"]
[EventCountry "CZE"]
[SourceTitle "EXT 2020"]
[Source "ChessBase"]
[SourceDate "2019.10.17"]
[SourceVersion "1"]
[SourceVersionDate "2019.10.17"]
[SourceQuality "1"]

1. b3 e5 2. Bb2 Nc6 3. e3 g6 4. Bb5 Nge7 5. d4 exd4 6. Nf3 Bg7 7. Nxd4 Nxd4 8. Bxd4 Nf5 9. Bxg7 Nxg7 10. 0-0 0-0 11. Qf3 c6 12. Bd3 d5 13. Nd2 Qg5 14. Qg3 Qxg3 15. hxg3 Bf5 16. Nf3 Rfe8 17. Rfd1 h5 18. a4 Bg4 19. a5 Ne6 20. b4 Bxf3 21. gxf3 b5 22. Kg2 Rab8 23. f4 f5 24. Be2 Red8 25. Rd2 Nc7 26. f3 Ne8 27. g4 Kf7 28. gxh5 gxh5 29. Bd3 Nd6 30. Rh1 Rh8 31. Kf1 Rbe8 32. Re2 Re6 33. Ke1 Reh6 34. Rg2 h4 35. Rhg1 R8h7 36. Kd2 h3 37. Rh2 Rg7 38. Rxg7+ Kxg7 39. Ke2 a6 40. Kf2 Kf6 41. Bf1 Nc4 42. c3 Nd2 43. Ke2 Nxf1 44. Kxf1 Ke6 45. Kf2 Kd6 46. Kg3 Rg6+ 47. Kf2 Rh6 48. Kg3 Rg6+ 49. Kxh3 Rg1 50. Rg2 Rh1+ 51. Kg3 Rc1 52. Rh2 Rxc3 53. Rh6+ Kd7 54. Rh7+ Kd6 55. Rh6+ 1/2-1/2

[Event "Pardubice Czech op-B 30th"]
[Site "Pardubice"]
[Date "2019.07.26"]
[Round "8"]
[White "Hiemer, Bernd"]
[Black "Pekar, Vaclav"]
[Result "1/2-1/2"]
[WhiteElo "2024"]
[BlackElo "2175"]
[PlyCount "44"]
[EventDate "2019.07.19"]
[EventType "swiss"]
[EventRounds "9"]
[EventCountry "CZE"]
[SourceTitle "EXT 2020"]
[Source "ChessBase"]
[SourceDate "2019.10.17"]
[SourceVersion "1"]
[SourceVersionDate "2019.10.17"]
[SourceQuality "1"]

1. e4 d5 2. Nc3 Nf6 3. exd5 Nxd5 4. Nf3 Bg4 5. h3 Bh5 6. Nxd5 Qxd5 7. Be2 Nc6 8. 0-0 e6 9. d4 Qd6 10. Be3 Be7 11. c4 Rd8 12. Qa4 0-0 13. Rfd1 Bf6 14. Rac1 Qd7 15. Ne5 Nxe5 16. Qxd7 Rxd7 17. dxe5 Rxd1+ 18. Bxd1 Bxd1 19. exf6 Rd8 20. fxg7 Kxg7 21. Bxa7 Bh5 22. Be3 Rd1+ 1/2-1/2

[Event "Pardubice Czech op-B 30th"]
[Site "Pardubice"]
[Date "2019.07.24"]
[Round "6"]
[White "Husarik, Branko"]
[Black "Pekar, Vaclav"]
[Result "1-0"]
[WhiteElo "2125"]
[BlackElo "2175"]
[PlyCount "87"]
[EventDate "2019.07.19"]
[EventType "swiss"]
[EventRounds "9"]
[EventCountry "CZE"]
[SourceTitle "EXT 2020"]
[Source "ChessBase"]
[SourceDate "2019.10.17"]
[SourceVersion "1"]
[SourceVersionDate "2019.10.17"]
[SourceQuality "1"]

1. e4 c5 2. Nf3 g6 3. d4 cxd4 4. Nxd4 Bg7 5. Nc3 Nc6 6. Be3 Nf6 7. Be2 0-0 8. f4 d6 9. Nb3 a6 10. Bf3 Na5 11. Nxa5 Qxa5 12. 0-0 Be6 13. Qd2 Rfd8 14. Rad1 Rac8 15. a3 Ng4 16. Bd4 Bxd4+ 17. Qxd4 Rc4 18. Qa7 Qc5+ 19. Qxc5 Rxc5 20. Rfe1 Nh6 21. h3 Rb8 22. g4 f6 23. Rd2 b5 24. e5 fxe5 25. Ne4 Rc4 26. b3 Rd4 27. Rxd4 exd4 28. Ng5 Bf7 29. Rxe7 Kf8 30. Rd7 Bg8 31. Rxd6 Rc8 32. Be4 Nf7 33. Nxf7 Bxf7 34. Rxd4 Ke7 35. Kf2 Rc3 36. Bd3 h6 37. Ke3 g5 38. a4 Rc5 39. f5 bxa4 40. Rxa4 a5 41. Re4+ Kd6 42. Bc4 Bd5 43. Rd4 a4 44. Bxd5 1-0

[Event "Litomysl op 20th"]
[Site "Litomysl"]
[Date "2018.12.30"]
[Round "7"]
[White "Simacek, Pavel"]
[Black "Pekar, Vaclav"]
[Result "1-0"]
[WhiteElo "2478"]
[BlackElo "2148"]
[PlyCount "37"]
[EventDate "2018.12.26"]
[EventType "swiss"]
[EventRounds "9"]
[EventCountry "CZE"]
[SourceTitle "CBM 188 Extra"]
[Source "ChessBase"]
[SourceDate "2019.02.26"]
[SourceVersion "1"]
[SourceVersionDate "2019.02.26"]
[SourceQuality "1"]

1. e4 e6 2. d4 d5 3. Nd2 Nc6 4. Ngf3 Nf6 5. e5 Nd7 6. Bd3 f6 7. Ng5 Ndxe5 8. dxe5 fxg5 9. Qh5+ Kd7 10. Qe2 Nd4 11. Qg4 c5 12. c4 Kc7 13. 0-0 h5 14. Qd1 Bd7 15. b4 Rc8 16. Bb2 dxc4 17. Bxc4 Bb5 18. bxc5 Bc6 19. Nb3 1-0

[Event "Pardubice Czech op-B 29th"]
[Site "Pardubice"]
[Date "2018.07.25"]
[Round "6"]
[White "Pekar, Vaclav"]
[Black "Rozmanov, Aleksandr"]
[Result "1-0"]
[WhiteElo "2162"]
[BlackElo "2075"]
[PlyCount "41"]
[EventDate "2018.07.20"]
[EventType "swiss"]
[EventRounds "9"]
[EventCountry "CZE"]
[SourceTitle "CBM 186 Extra"]
[Source "ChessBase"]
[SourceDate "2018.08.24"]
[SourceVersion "1"]
[SourceVersionDate "2018.08.24"]
[SourceQuality "1"]

1. d4 d5 2. Bf4 Nf6 3. e3 e6 4. Nd2 Bd6 5. Bg3 Bxg3 6. hxg3 b6 7. Ngf3 Bb7 8. Bd3 Nbd7 9. Qe2 Qe7 10. e4 dxe4 11. Nxe4 h6 12. 0-0-0 0-0-0 13. Nxf6 Nxf6 14. Ba6 Rd6 15. Ne5 Rhd8 16. Qf3 c6 17. Nxc6 Qd7 18. Bxb7+ Qxb7 19. Nxd8 Qxf3 20. gxf3 Kxd8 21. b3 1-0

[Event "Litomysl op 18th"]
[Site "Litomysl"]
[Date "2016.12.27"]
[Round "2"]
[White "Pekar, Vaclav"]
[Black "Starostits, Ilmars"]
[Result "0-1"]
[WhiteElo "2170"]
[BlackElo "2413"]
[PlyCount "104"]
[EventDate "2016.12.26"]
[EventType "swiss"]
[EventRounds "9"]
[EventCountry "CZE"]
[SourceTitle "CBM 176 Extra"]
[Source "ChessBase"]
[SourceDate "2017.03.02"]
[SourceVersion "1"]
[SourceVersionDate "2017.03.02"]
[SourceQuality "1"]

1. c4 e5 2. g3 Nc6 3. Bg2 g6 4. Nc3 d6 5. e4 h5 6. h4 Nd4 7. Nce2 Ne6 8. d4 exd4 9. Nxd4 Bg7 10. Nge2 Nf6 11. 0-0 0-0 12. Nxe6 Bxe6 13. Qc2 Ng4 14. Nf4 Qe7 15. Rb1 c6 16. b3 Ne5 17. Ba3 c5 18. Bb2 Nc6 19. Bxg7 Kxg7 20. Bh3 Bxh3 21. Nxh3 Nd4 22. Qd3 Rae8 23. f3 f5 24. exf5 Rxf5 25. Kg2 Qe2+ 26. Qxe2 Rxe2+ 27. Rf2 Rxf2+ 28. Nxf2 Rxf3 29. Ne4 Rd3 30. Nxd6 Rd2+ 31. Kf1 b6 32. a4 Nf3 33. Nb5 a5 34. Rc1 Kf6 35. Rc3 Nd4 36. Nd6 Ke5 37. Nc8 Rb2 38. Re3+ Kf5 39. Ne7+ Kg4 40. Nxg6 Nf3 41. Ne5+ Nxe5 42. Rxe5 Rxb3 43. Rg5+ Kf3 44. Ke1 Rb4 45. Rxh5 Rxa4 46. Rg5 Rxc4 47. h5 a4 48. h6 a3 49. h7 Rc1+ 50. Kd2 Rh1 51. Rg7 a2 52. Ra7 Rxh7 0-1

[Event "Pardubice Czech op-A 26th"]
[Site "Pardubice"]
[Date "2015.07.24"]
[Round "1"]
[White "Poetsch, Hagen"]
[Black "Pekar, Vaclav"]
[Result "1-0"]
[WhiteElo "2498"]
[BlackElo "2233"]
[PlyCount "59"]
[EventDate "2015.07.24"]
[EventType "swiss"]
[EventRounds "9"]
[EventCountry "CZE"]
[SourceTitle "CBM 167 Extra"]
[Source "ChessBase"]
[SourceDate "2015.09.14"]
[SourceVersion "1"]
[SourceVersionDate "2015.09.14"]
[SourceQuality "1"]

1. e4 Nc6 2. Nf3 d5 3. exd5 Qxd5 4. Nc3 Qa5 5. Bb5 Nf6 6. Ne5 Bd7 7. Nxd7 Nxd7 8. Qf3 Nd8 9. d4 c6 10. Bc4 e6 11. 0-0 Be7 12. Qg3 Qb4 13. b3 b5 14. a3 Qd6 15. Bf4 Qxd4 16. Nxb5 cxb5 17. Bxb5 Qb6 18. Bxd7+ Kxd7 19. Qxg7 Nb7 20. Rad1+ Nd6 21. Bxd6 Bxd6 22. Qxf7+ Kc6 23. Rd3 Rad8 24. Rfd1 Qc5 25. b4 Qe5 26. f4 Qe4 27. Qxa7 Qc4 28. Qa4+ Kc7 29. Qa5+ Kc6 30. b5+ 1-0

[Event "Pardubice Infinity op 26th"]
[Site "Pardubice"]
[Date "2015.07.18"]
[Round "2"]
[White "Simkin, Alexander"]
[Black "Pekar, Vaclav"]
[Result "1/2-1/2"]
[WhiteElo "1842"]
[BlackElo "2233"]
[PlyCount "99"]
[EventDate "2015.07.17"]
[EventType "swiss"]
[EventRounds "7"]
[EventCountry "CZE"]
[SourceTitle "EXT 2017"]
[Source "ChessBase"]
[SourceDate "2016.10.25"]
[SourceVersion "1"]
[SourceVersionDate "2016.10.25"]
[SourceQuality "1"]

1. e4 Nc6 2. d4 d5 3. exd5 Qxd5 4. Nf3 e5 5. dxe5 Qxd1+ 6. Kxd1 Bg4 7. Be2 0-0-0+ 8. Ke1 Bxf3 9. gxf3 Nxe5 10. Be3 a6 11. f4 Ng6 12. Nd2 Nf6 13. Nf3 Bd6 14. f5 Ne5 15. Nxe5 Bxe5 16. c3 Nd5 17. Rd1 Ne7 18. Rxd8+ Rxd8 19. Bc4 Nxf5 20. Bxf7 Nxe3 21. fxe3 Rf8 22. Rf1 Bf6 23. Be6+ Kb8 24. Ke2 Re8 25. Bf5 h6 26. e4 Re5 27. Kd3 b5 28. Rf2 Kb7 29. Rf3 Kb6 30. Kc2 Re8 31. Rd3 Be5 32. h3 Rf8 33. Rd7 Rf6 34. Re7 Bf4 35. Rxg7 Rd6 36. Rg6 Rxg6 37. Bxg6 Kc5 38. b4+ Kb6 39. Kd3 Be5 40. c4 c5 41. cxb5 Kxb5 42. bxc5 Kxc5 43. Bf7 a5 44. Ke3 Bd6 45. Kf3 Kd4 46. Bg6 Ke5 47. Kg4 Ba3 48. Kh5 Bc1 49. Bf5 Bd2 50. Kg6 1/2-1/2

[Event "Pardubice Infinity op 26th"]
[Site "Pardubice"]
[Date "2015.07.17"]
[Round "1"]
[White "Pekar, Vaclav"]
[Black "Kvapil, Pavel"]
[Result "1-0"]
[WhiteElo "2233"]
[BlackElo "1560"]
[PlyCount "63"]
[EventDate "2015.07.17"]
[EventType "swiss"]
[EventRounds "7"]
[EventCountry "CZE"]
[SourceTitle "EXT 2017"]
[Source "ChessBase"]
[SourceDate "2016.10.25"]
[SourceVersion "1"]
[SourceVersionDate "2016.10.25"]
[SourceQuality "1"]

1. e4 e5 2. Nf3 Nc6 3. Bc4 Nd4 4. 0-0 Nxf3+ 5. Qxf3 Qf6 6. Qe3 Ne7 7. f4 Qc6 8. Qe2 Ng6 9. fxe5 Nxe5 10. Bb3 Bc5+ 11. Kh1 0-0 12. c3 Ng6 13. d4 Be7 14. Bd5 Qb6 15. Nd2 c6 16. Bb3 Qd8 17. Qh5 d6 18. Nf3 Be6 19. d5 cxd5 20. exd5 Bd7 21. Bg5 Bxg5 22. Nxg5 h6 23. Nxf7 Rxf7 24. Qxg6 Qe8 25. Qxd6 Rxf1+ 26. Rxf1 Qe2 27. Qf4 Kh8 28. Bc4 Qxb2 29. Bd3 Rg8 30. Qe4 g6 31. Qe5+ Kh7 32. Rf7+ 1-0

[Event "CZE-chT2D 1415"]
[Site "Czech Republic"]
[Date "2015.01.25"]
[Round "6.2"]
[White "Pekar, Vaclav"]
[Black "Holasek, Pavel"]
[Result "1-0"]
[WhiteElo "2174"]
[BlackElo "2009"]
[PlyCount "63"]
[EventDate "2014.11.02"]
[EventType "team-tourn"]
[EventRounds "11"]
[EventCountry "CZE"]
[SourceTitle "EXT 2022"]
[Source "ChessBase"]
[SourceDate "2021.10.06"]
[SourceVersion "1"]
[SourceVersionDate "2021.10.06"]
[SourceQuality "1"]
[WhiteTeam "Policka Stefanydes"]
[BlackTeam "Usti nad Orlici"]
[WhiteTeamCountry "CZE"]
[BlackTeamCountry "CZE"]

1. d4 Nf6 2. Nf3 e6 3. Bf4 b6 4. Nbd2 Bb7 5. e3 Be7 6. Bd3 d5 7. 0-0 0-0 8. Ne5 c5 9. c3 Nc6 10. Qf3 g6 11. Qh3 Nxe5 12. Bxe5 Ne4 13. Nf3 Qd7 14. Rad1 Qc6 15. Bxe4 dxe4 16. Qh6 f6 17. Ng5 Rf7 18. Nxf7 fxe5 19. Nxe5 Qe8 20. dxc5 bxc5 21. Rd7 Bc8 22. Rd2 Ba6 23. Rfd1 Rd8 24. Rxd8 Bxd8 25. Rd7 Be7 26. Rxa7 Qd8 27. h4 Bc8 28. Qf4 Bf6 29. Ng4 Be7 30. Nh6+ Kg7 31. Qf7+ Kxh6 32. Rxe7 1-0

[Event "CZE-chT2D 1415"]
[Site "Czech Republic"]
[Date "2015.01.11"]
[Round "5.2"]
[White "Siebenburger, Vlastimil"]
[Black "Pekar, Vaclav"]
[Result "0-1"]
[WhiteElo "2095"]
[BlackElo "2174"]
[PlyCount "124"]
[EventDate "2014.11.02"]
[EventType "team-tourn"]
[EventRounds "11"]
[EventCountry "CZE"]
[SourceTitle "EXT 2022"]
[Source "ChessBase"]
[SourceDate "2021.10.06"]
[SourceVersion "1"]
[SourceVersionDate "2021.10.06"]
[SourceQuality "1"]
[WhiteTeam "Zdar nad Sazavou"]
[BlackTeam "Policka Stefanydes"]
[WhiteTeamCountry "CZE"]
[BlackTeamCountry "CZE"]

1. Nf3 e6 2. c4 f5 3. Nc3 Nf6 4. d3 Bb4 5. g3 0-0 6. Bg2 Bxc3+ 7. bxc3 d6 8. Nd4 e5 9. Nxf5 Bxf5 10. Bxb7 Nbd7 11. Bxa8 Qxa8 12. f3 Bh3 13. e4 Qe8 14. g4 h5 15. g5 Nh7 16. Rg1 g6 17. Rg3 Qe6 18. d4 exd4 19. cxd4 h4 20. Rg1 Qxc4 21. Qb3 Qxb3 22. axb3 Rxf3 23. Rxa7 c5 24. Ra8+ Nhf8 25. dxc5 Nxc5 26. b4 Nxe4 27. Ra3 Rxa3 28. Bxa3 Nc3 29. Kd2 Nb5 30. Bb2 Bf5 31. Ra1 Ne6 32. Bf6 Nec7 33. Bd8 Kf8 34. Bxc7 Nxc7 35. Ra7 Nd5 36. b5 Ke8 37. Rh7 h3 38. Kc1 Bd3 39. Rxh3 Bxb5 40. Kd2 Kf7 41. Rf3+ Ke6 42. h4 Ke5 43. Rf8 Nf4 44. Ke3 d5 45. Rf6 Be2 46. Kd2 Bh5 47. Rf8 Ng2 48. Re8+ Kd4 49. Ra8 Ke4 50. Re8+ Kf3 51. Re5 Nf4 52. Re8 Bg4 53. Rh8 Bf5 54. Rh7 d4 55. Rf7 Kg4 56. Rh7 Nh5 57. Ra7 d3 58. Ra4+ Kf3 59. Ra8 Ng3 60. Rd8 Kg4 61. Rd4+ Be4 62. h5 Kxh5 0-1

[Event "CZE-chT2D 1415"]
[Site "Czech Republic"]
[Date "2014.11.30"]
[Round "3.2"]
[White "Kozusek, Daniel"]
[Black "Pekar, Vaclav"]
[Result "1/2-1/2"]
[WhiteElo "2217"]
[BlackElo "2174"]
[PlyCount "40"]
[EventDate "2014.11.02"]
[EventType "team-tourn"]
[EventRounds "11"]
[EventCountry "CZE"]
[SourceTitle "EXT 2022"]
[Source "ChessBase"]
[SourceDate "2021.10.06"]
[SourceVersion "1"]
[SourceVersionDate "2021.10.06"]
[SourceQuality "1"]
[WhiteTeam "Jicin II"]
[BlackTeam "Policka Stefanydes"]
[WhiteTeamCountry "CZE"]
[BlackTeamCountry "CZE"]

1. d4 e6 2. e4 d5 3. Nd2 Nc6 4. Ngf3 Nf6 5. e5 Nd7 6. Bd3 f6 7. exf6 Qxf6 8. 0-0 Bd6 9. c4 0-0 10. Nb1 dxc4 11. Bxc4 Nb6 12. Bb3 Nd5 13. Nc3 Nf4 14. Ne4 Qg6 15. Bxf4 Bxf4 16. Nc5 Kh8 17. Bc2 Qh5 18. h3 e5 19. Nxe5 Qxd1 20. Raxd1 Nxe5 1/2-1/2

[Event "CZE-chT2D 1314"]
[Site "Czech Republic"]
[Date "2014.03.23"]
[Round "10.2"]
[White "Pekar, Vaclav"]
[Black "Komarek, David"]
[Result "1-0"]
[WhiteElo "2151"]
[BlackElo "2148"]
[PlyCount "55"]
[EventDate "2013.11.03"]
[EventType "team-tourn"]
[EventRounds "11"]
[EventCountry "CZE"]
[SourceTitle "EXT 2016"]
[Source "ChessBase"]
[SourceDate "2015.10.08"]
[SourceVersion "1"]
[SourceVersionDate "2015.10.08"]
[SourceQuality "1"]
[WhiteTeam "Usti nad Orlici"]
[BlackTeam "Policka"]
[WhiteTeamCountry "CZE"]
[BlackTeamCountry "CZE"]

1. d4 e6 2. e4 d5 3. Nd2 Nf6 4. e5 Nfd7 5. c3 c5 6. Ndf3 Nc6 7. Bd3 cxd4 8. cxd4 f6 9. exf6 Nxf6 10. Nh3 Bd6 11. 0-0 0-0 12. Re1 Qc7 13. Nhg5 e5 14. dxe5 Nxe5 15. Nxe5 Bxe5 16. Bxh7+ Nxh7 17. Qxd5+ Kh8 18. Qxe5 Qxe5 19. Rxe5 Nxg5 20. Bxg5 Bd7 21. Re7 Bc6 22. h4 Rad8 23. Rae1 Rd4 24. f3 Rf5 25. Rc7 Rb5 26. Ree7 Bxf3 27. Rxg7 Rd1+ 28. Kh2 1-0

[Event "Pardubice op-J"]
[Site "Pardubice"]
[Date "2013.07.16"]
[Round "6"]
[White "Strebkovs, Andrejs"]
[Black "Pekar, Vaclav"]
[Result "1-0"]
[WhiteElo "2312"]
[BlackElo "2151"]
[PlyCount "189"]
[EventDate "2013.07.12"]
[EventType "swiss"]
[EventRounds "9"]
[EventCountry "CZE"]
[SourceTitle "EXT 2014"]
[Source "ChessBase"]
[SourceDate "2013.11.20"]
[SourceVersion "1"]
[SourceVersionDate "2013.11.20"]
[SourceQuality "1"]

1. b3 e5 2. Bb2 Nc6 3. e3 Nf6 4. Bb5 Bd6 5. Ne2 0-0 6. 0-0 Re8 7. f4 e4 8. Ng3 Bf8 9. Bxf6 gxf6 10. Qg4+ Kh8 11. Qh5 d5 12. Nc3 a6 13. Be2 f5 14. Nxf5 d4 15. exd4 Nxd4 16. Nh6 Bxh6 17. Qxh6 Nf5 18. Qg5 Qd4+ 19. Kh1 Rg8 20. Qh5 Rg6 21. Bc4 Qxd2 22. Ne2 Be6 23. Rad1 Qe3 24. Bxe6 fxe6 25. Nd4 Rf8 26. Nxf5 exf5 27. Rd7 Rg7 28. Rxg7 Kxg7 29. Qg5+ Kh8 30. Qe7 Kg8 31. Qe6+ Rf7 32. Qe8+ Kg7 33. Qe5+ Kg6 34. Rd1 Qe2 35. Qd5 Qb5 36. Qe6+ Kg7 37. h3 Qc6 38. Qe5+ Qf6 39. Qc5 Re7 40. Qe3 Kf7 41. Rd8 Re8 42. Rd5 Rd8 43. Re5 Re8 44. Rc5 c6 45. Qe2 Kg6 46. g4 Rf8 47. gxf5+ Kh6 48. Qxe4 Qa1+ 49. Kh2 Qf1 50. Qe6+ Kg7 51. f6+ Kh8 52. Qe3 Rxf6 53. Qe8+ Kg7 54. Rg5+ Rg6 55. Qe5+ Kg8 56. Qb8+ Kg7 57. Qxb7+ Kh6 58. Rxg6+ hxg6 59. Qxc6 Qf2+ 60. Qg2 Qxf4+ 61. Kg1 Qc1+ 62. Qf1 Qg5+ 63. Kf2 Qf5+ 64. Ke1 Qxc2 65. Qxa6 Qc3+ 66. Kd1 Qxh3 67. Kc2 Qg2+ 68. Kc3 Kh5 69. a4 g5 70. a5 g4 71. Qb5+ Kh4 72. a6 Qg3+ 73. Qd3 Qe5+ 74. Kc2 g3 75. a7 Qe8 76. Qh7+ Kg4 77. Qg7+ Kh3 78. Qh7+ Kg4 79. Qb7 Qe2+ 80. Kc3 Qe3+ 81. Kc4 Qe2+ 82. Kc5 Qe3+ 83. Kd6 Qf4+ 84. Kd7 Qf7+ 85. Kc8 Qf8+ 86. Kc7 Qf7+ 87. Kb8 Qf8+ 88. Qc8+ Qxc8+ 89. Kxc8 g2 90. a8Q g1Q 91. Qe4+ Kg5 92. b4 Kf6 93. Qc6+ Kf7 94. b5 Qg8+ 95. Kb7 1-0

[Event "Litomysl op 14th"]
[Site "Litomysl"]
[Date "2012.12.29"]
[Round "4"]
[White "Pekar, Vaclav"]
[Black "Cerveny, Petr"]
[Result "1/2-1/2"]
[WhiteElo "2157"]
[BlackElo "2269"]
[PlyCount "43"]
[EventDate "2012.12.26"]
[EventType "swiss"]
[EventRounds "9"]
[EventCountry "CZE"]
[SourceTitle "EXT 2014"]
[Source "ChessBase"]
[SourceDate "2013.11.20"]
[SourceVersion "1"]
[SourceVersionDate "2013.11.20"]
[SourceQuality "1"]

1. d4 g6 2. e4 Bg7 3. Nc3 d6 4. Nf3 Nd7 5. Bc4 e6 6. Bg5 Ne7 7. Qd2 h6 8. Be3 a6 9. a4 b6 10. 0-0 Bb7 11. Rad1 Nf6 12. Bd3 d5 13. e5 Ne4 14. Qe1 Nxc3 15. Qxc3 a5 16. b3 Ba6 17. Bxa6 Rxa6 18. Qd3 Ra8 19. Bc1 Qd7 20. Ba3 Bf8 21. h4 h5 22. g3 1/2-1/2

[Event "CZE-chT2D 1213"]
[Site "Czech Republic"]
[Date "2012.10.14"]
[Round "1.2"]
[White "Pekar, Vaclav"]
[Black "Jezbera, Jiri"]
[Result "1-0"]
[WhiteElo "2157"]
[BlackElo "2173"]
[PlyCount "115"]
[EventDate "2012.10.14"]
[EventType "team-tourn"]
[EventRounds "11"]
[EventCountry "CZE"]
[SourceTitle "EXT 2016"]
[Source "ChessBase"]
[SourceDate "2015.10.08"]
[SourceVersion "1"]
[SourceVersionDate "2015.10.08"]
[SourceQuality "1"]
[WhiteTeam "Usti nad Orlici"]
[BlackTeam "Hradec Kralove II"]
[WhiteTeamCountry "CZE"]
[BlackTeamCountry "CZE"]

1. c4 Nf6 2. g3 g6 3. Bg2 Bg7 4. Nc3 0-0 5. d3 d6 6. Bg5 c6 7. e4 Qc7 8. Nge2 e5 9. Qd2 Re8 10. 0-0 Nbd7 11. h3 Nc5 12. f4 exf4 13. Rxf4 Nh5 14. Rf2 f5 15. exf5 gxf5 16. d4 Na6 17. Bh6 Qe7 18. Bf3 Qf6 19. Bxg7 Nxg7 20. Nf4 Bd7 21. Nh5 Nxh5 22. Bxh5 Re7 23. Kh2 Rf8 24. Raf1 Kh8 25. Qf4 Nb4 26. Qd2 Na6 27. a3 Nc7 28. d5 cxd5 29. Nxd5 Nxd5 30. Qxd5 Bc8 31. Rd2 Rc7 32. b3 Rd8 33. Bd1 b6 34. Bc2 Rc5 35. Qd4 Qxd4 36. Rxd4 Be6 37. Re1 Bg8 38. Re7 a5 39. Bd3 b5 40. b4 axb4 41. axb4 Rxc4 42. Bxc4 bxc4 43. Rc7 Rb8 44. Rxd6 Rxb4 45. Rd8 Rb2+ 46. Kg1 Rb3 47. Kf2 Rb6 48. Rxc4 Kg7 49. Rc7+ Bf7 50. Rdd7 Rf6 51. Ke3 h6 52. Kf4 Kg6 53. Rxf7 Rxf7 54. Rxf7 Kxf7 55. Kxf5 Kg7 56. h4 Kf7 57. h5 Kg7 58. Ke6 1-0

[Event "Brno Trade op-A 37th"]
[Site "Brno"]
[Date "2012.08.31"]
[Round "7"]
[White "Zeman, Arnost"]
[Black "Pekar, Vaclav"]
[Result "1/2-1/2"]
[WhiteElo "1984"]
[BlackElo "2179"]
[PlyCount "156"]
[EventDate "2012.08.26"]
[EventType "swiss"]
[EventRounds "9"]
[EventCountry "CZE"]
[SourceTitle "CBM 150 Extra"]
[Source "ChessBase"]
[SourceDate "2012.10.19"]
[SourceVersion "1"]
[SourceVersionDate "2012.10.19"]
[SourceQuality "1"]

1. e4 c5 2. Nf3 Nc6 3. d4 cxd4 4. Nxd4 g6 5. Nc3 Bg7 6. Be3 Nf6 7. Be2 0-0 8. 0-0 d5 9. exd5 Nxd5 10. Nxd5 Qxd5 11. Bf3 Qa5 12. Nxc6 bxc6 13. c3 Rb8 14. Qc1 c5 15. Rd1 Be6 16. Bg5 Rfe8 17. Bc6 Red8 18. Rxd8+ Qxd8 19. Bf4 Rb6 20. Be4 f5 21. Bf3 Qd3 22. Bc7 Ra6 23. a4 Qd7 24. Bf4 Rxa4 25. Rxa4 Qxa4 26. Be3 Qa5 27. g3 Bf7 28. b4 cxb4 29. cxb4 Qxb4 30. Bxa7 Qc3 31. Qd1 Qa1 32. Bc5 Qxd1+ 33. Bxd1 e5 34. Bd6 Bc4 35. Ba4 Kf7 36. Bd7 Be6 37. Bc6 Bc4 38. Bd7 e4 39. h4 Bf8 40. Bf4 Ke7 41. Bc6 Ke6 42. Bb7 Bd6 43. Bc8+ Kd5 44. Bb7+ Kc5 45. Be3+ Kb4 46. Bc8 Kc3 47. h5 Kd3 48. Kg2 Ke2 49. hxg6 hxg6 50. Bb7 Ke1 51. Bb6 Bf1+ 52. Kg1 Be2 53. Be3 Bb4 54. Bc6 Bd2 55. Bc5 Bf3 56. Bb5 Be2 57. Be8 g5 58. Bd7 f4 59. gxf4 gxf4 60. Bf5 Bf3 61. Bh3 Ke2 62. Bf1+ Kd1 63. Bb5 Kc2 64. Kf1 Bg4 65. Kg1 f3 66. Bb6 Be6 67. Bc6 Kd3 68. Bb5+ Kc2 69. Ba4+ Kc1 70. Bc6 Bf5 71. Ba4 Bc3 72. Bb5 Kb2 73. Ba6 Be5 74. Bf1 Kc3 75. Bb5 Bg6 76. Ba6 Bf5 77. Bb5 Bh3 78. Ba6 Bd4 1/2-1/2

[Event "Brno Trade op-A 37th"]
[Site "Brno"]
[Date "2012.08.30"]
[Round "6"]
[White "Pekar, Vaclav"]
[Black "Novak, Vitezslav"]
[Result "1/2-1/2"]
[WhiteElo "2179"]
[BlackElo "1932"]
[PlyCount "80"]
[EventDate "2012.08.26"]
[EventType "swiss"]
[EventRounds "9"]
[EventCountry "CZE"]
[SourceTitle "CBM 150 Extra"]
[Source "ChessBase"]
[SourceDate "2012.10.19"]
[SourceVersion "1"]
[SourceVersionDate "2012.10.19"]
[SourceQuality "1"]

1. c4 e5 2. g3 Nc6 3. Bg2 d6 4. Nc3 f5 5. d3 Nf6 6. e4 Be7 7. Nge2 0-0 8. 0-0 fxe4 9. dxe4 Be6 10. Nd5 Qd7 11. f4 exf4 12. gxf4 Bg4 13. Qd3 Rae8 14. Ng3 Nxd5 15. cxd5 Nd8 16. Be3 Bh3 17. Rac1 c5 18. dxc6 Nxc6 19. Rfd1 Bh4 20. Qd5+ Kh8 21. Bf3 Bg4 22. Rf1 Bxg3 23. hxg3 Bxf3 24. Rxf3 Qe7 25. Rc4 Qf7 26. Qxf7 Rxf7 27. Bd4 Rfe7 28. Re3 Kg8 29. Rec3 Rxe4 30. Bf2 Re2 31. Rc2 d5 32. Rc5 d4 33. Kf1 d3 34. Rxe2 Rxe2 35. Rb5 Rc2 36. Ke1 Re2+ 37. Kf1 b6 38. Rb3 Rc2 39. Rxd3 Rxb2 40. Rc3 Nb4 1/2-1/2